000 nam a22 7a 4500
999 _c23585
_d23585
008 170126b xxu||||| |||| 00| 0 eng d
050 _aND237
_b.K8A9 1966
100 _aKuhn,Walt
245 _aPainter of vision :
_bA retrospective exhibition of oils, water-colors and drawings /
_cWalt Kuhn
260 _aTucson,Arizona :
_bThe University of Arizona Art Gallery,
_cc1966
300 _a128p. :
_bill. ;
_c28cm.
500 _aincludes index.
942 _2lcc
_cBOOKS
_hND237 .K8A9 1966